First Name Basis: Geography Quiz Stats

 Plays Quiz Updated Sep 11, 2018

Score 0/20 Timer 05:00
3 Plays Today
% Correct
Yuri
85.1%
Marco
79%
Tenzing
76.7%
Muhammad
74.4%
Christopher
74.4%
Otto
71.9%
Leif
67.7%
Erik
66.3%
James
62.9%
Ferdinand
61.7%
% Correct
Roald
61.4%
Hernando
59.3%
Vasco
58.9%
Meriwether
58.7%
Henry
52.3%
Francis
50.8%
Robert
48.9%
David
45.4%
Jacques
45%
Bartolomeu
26.6%

You're not logged in!

Compare scores with friends on all Sporcle quizzes.
OR
Log In

Sporcle TV

Today on Sporcle TV


Watch our educational content, quiz creation guides, and fun videos on Sporcle TV.

Show Comments

Extras

Top Quizzes Today


Score Distribution

Your Account Isn't Verified!

In order to create a playlist on Sporcle, you need to verify the email address you used during registration. Go to your Sporcle Settings to finish the process.

Report this User

Report this user for behavior that violates our Community Guidelines.

Details: